000 00188 a2200097 4500
020 _a9780590414296
041 _aeng
100 _aJoanna Cole
245 _aThe magic school bus
942 _cK
999 _c30301
_d30299